UM Logo

Parenting styles and learner's academic achievement / (Record no. 12458)

MARC details
000 -LEADER
fixed length control field 00619nam a22001697a 4500
008 - FIXED-LENGTH DATA ELEMENTS--GENERAL INFORMATION
fixed length control field 190125b ||||| |||| 00| 0 eng d
082 ## - DEWEY DECIMAL CLASSIFICATION NUMBER
Edition number 2018
Classification number UT 1163
Item number T16
100 ## - MAIN ENTRY--PERSONAL NAME
Personal name Tan, Ivanne Marie A.
9 (RLIN) 35117
245 ## - TITLE STATEMENT
Title Parenting styles and learner's academic achievement /
Statement of responsibility, etc. Ivanne Marie A. Tan, Jerico S. Polancos, and Rodine I. Cañete
260 ## - PUBLICATION, DISTRIBUTION, ETC. (IMPRINT)
Place of publication, distribution, etc. Digos City:
Name of publisher, distributor, etc. UMDC
Date of publication, distribution, etc. October 2018.
300 ## - PHYSICAL DESCRIPTION
Extent 49 pages;
Dimensions 30 cm.
650 ## - SUBJECT ADDED ENTRY--TOPICAL TERM
Topical term or geographic name as entry element Education
Form subdivision Beed
General subdivision Undergraduate thesis.
9 (RLIN) 34786
700 ## - ADDED ENTRY--PERSONAL NAME
Personal name Tan, Ivanne Marie A.
9 (RLIN) 35117
700 ## - ADDED ENTRY--PERSONAL NAME
Personal name Polancos, Jerico S.
9 (RLIN) 35118
700 ## - ADDED ENTRY--PERSONAL NAME
Personal name Cañete, Rodine I.
9 (RLIN) 35119
942 ## - ADDED ENTRY ELEMENTS (KOHA)
Source of classification or shelving scheme Dewey Decimal Classification
Koha item type Undergraduate Thesis
Holdings
Withdrawn status Lost status Source of classification or shelving scheme Damaged status Not for loan Home library Current library Date acquired Total Checkouts Full call number Barcode Date last seen Price effective from Koha item type
    Dewey Decimal Classification     UM Digos College - LIC UM Digos College - LIC 01/15/2019   UT 1163 T16 2018 UT1163 01/25/2019 01/25/2019 Undergraduate Thesis